Documentary research in education, history and the social sciences (E-Book) (Record no. 193017)
[ view plain ]
| 000 -LEADER | |
|---|---|
| fixed length control field | 01236 a2200277 4500 |
| 003 - CONTROL NUMBER IDENTIFIER | |
| control field | Nust |
| 005 - DATE AND TIME OF LATEST TRANSACTION | |
| control field | 20170207154049.0 |
| 020 ## - INTERNATIONAL STANDARD BOOK NUMBER | |
| International Standard Book Number | 0-415-27286-6 : |
| 020 ## - INTERNATIONAL STANDARD BOOK NUMBER | |
| International Standard Book Number | 0-415-27287-4 (pbk.) : |
| 035 ## - SYSTEM CONTROL NUMBER | |
| System control number | (Uk)0415272866 |
| 040 ## - CATALOGING SOURCE | |
| Transcribing agency | Nust |
| 082 04 - DEWEY DECIMAL CLASSIFICATION NUMBER | |
| Classification number | 300.72 |
| 100 1# - MAIN ENTRY--PERSONAL NAME | |
| Personal name | Gary McCulloch. |
| 245 10 - TITLE STATEMENT | |
| Title | Documentary research in education, history and the social sciences (E-Book) |
| Statement of responsibility, etc. | Gary McCulloch. |
| 260 ## - PUBLICATION, DISTRIBUTION, ETC. | |
| Place of publication, distribution, etc. | London : |
| Name of publisher, distributor, etc. | RoutledgeFalmer, |
| Date of publication, distribution, etc. | 2004. |
| 300 ## - PHYSICAL DESCRIPTION | |
| Extent | 148 p. ; |
| Dimensions | 24cm. |
| 505 ## - FORMATTED CONTENTS NOTE | |
| Formatted contents note | Introduction: Reading between the Lines (Page-1) Paper Tigers: Social Research and Documentary Studies (Page-10) The Joy of Life: Doing Documentary Research (Page-25) Behind the Scenes: Records and Archives (Page-44) On the Record: Printed Media and Literature (Page-64) Life and Times: Diaries‚ Letters and Autobiographies (Page-86) A New Leaf: Connections and Conclusions (Page-109) |
| 650 #7 - SUBJECT ADDED ENTRY--TOPICAL TERM | |
| Topical term or geographic name entry element | Education |
| General subdivision | Research |
| -- | Methodology. |
| 650 #7 - SUBJECT ADDED ENTRY--TOPICAL TERM | |
| Topical term or geographic name entry element | Historieforskning |
| General subdivision | metodik |
| 650 #7 - SUBJECT ADDED ENTRY--TOPICAL TERM | |
| Topical term or geographic name entry element | History |
| General subdivision | Methodology |
| 650 #7 - SUBJECT ADDED ENTRY--TOPICAL TERM | |
| Topical term or geographic name entry element | History |
| General subdivision | Research |
| -- | Methodology. |
| 650 #7 - SUBJECT ADDED ENTRY--TOPICAL TERM | |
| Topical term or geographic name entry element | Pedagogisk forskning |
| General subdivision | metodik |
| 650 #7 - SUBJECT ADDED ENTRY--TOPICAL TERM | |
| Topical term or geographic name entry element | Samh�llsvetenskaplig forskning |
| General subdivision | metodik |
| 650 #7 - SUBJECT ADDED ENTRY--TOPICAL TERM | |
| Topical term or geographic name entry element | Social sciences |
| General subdivision | Research |
| -- | Methodology. |
| 651 ## - SUBJECT ADDED ENTRY--GEOGRAPHIC NAME | |
| Geographic name | (E-Book) |
| 942 ## - ADDED ENTRY ELEMENTS (KOHA) | |
| Source of classification or shelving scheme | |
| Koha item type | Book |
| Withdrawn status | Lost status | Source of classification or shelving scheme | Damaged status | Not for loan | Collection code | Permanent Location | Current Location | Date acquired | Total Checkouts | Full call number | Barcode | Date last seen | Price effective from | Koha item type |
|---|---|---|---|---|---|---|---|---|---|---|---|---|---|---|
| Military College of Signals (MCS) | Military College of Signals (MCS) | 12/12/2016 | 300.72 ACC | MCSEB-2600 | 12/08/2016 | 12/12/2016 | Book |
